Αναλυτικά προγράμματα για μια νέα εποχή στην εκπαίδευση
Saved in:
| Main Author: | |
|---|---|
| Format: | Book |
| Language: | Greek |
| Published: |
Αθήνα :
Γρηγόρης,
1997.
|
| Edition: | 5η έκδ., αναθ., συμπλ. |
| Series: | Επιστήμες της αγωγής (Γρηγόρης)
1 |
| Subjects: | |
| Tags: |
Add Tag
No Tags, Be the first to tag this record!
|
MARC
| LEADER | 00000cam a2200000 i 4500 | ||
|---|---|---|---|
| 001 | 1/76867 | ||
| 008 | 980817s1997 gr | ||| |||| ||gre|| | ||
| 020 | |a 960333434 | ||
| 035 | |l 10032521 | ||
| 040 | |a GR-MyUa |b gre |e AACR2 | ||
| 041 | 0 | |a gre | |
| 082 | 0 | |a 375 |2 (22) | |
| 100 | 1 | |a Φλουρής, Γιώργος Στ. | |
| 245 | 1 | 0 | |a Αναλυτικά προγράμματα για μια νέα εποχή στην εκπαίδευση / |c Γεωργίου Στυλ. Φλουρή. |
| 250 | |a 5η έκδ., αναθ., συμπλ. | ||
| 260 | |a Αθήνα : |b Γρηγόρης, |c 1997. | ||
| 300 | |a 293 σ. ; |c 24 εκ. | ||
| 490 | 1 | |a (Επιστήμες της αγωγής / Γρηγόρης ; |v 1) | |
| 650 | 0 | |a Education |x Curricula. | |
| 650 | 0 | |a Education |x Curricula |z Greece. | |
| 830 | 0 | |a Επιστήμες της αγωγής (Γρηγόρης) |v 1 | |
| 852 | |a INST |b RHODES |e 19980817 |h 375 ΦΛΟ |p 005400006095 |q 005400006095 |t BK |y 0 | ||
| 901 | |a BIBL-1998-2 | ||
| 922 | |a 4ΕΛΗ |b 199801 |c ΚΠΣ/ΔΕ |d EMVASIS | ||